Normal view
MARC view
- الثقافة العربية - مؤتمرات -الفكر العربي - مؤتمرات - الادب العربي - مؤتمرات
Entry Topical Term
001 - CONTROL NUMBER
- control field: 46081
003 - CONTROL NUMBER IDENTIFIER
- control field: JO-AjAnu
005 - DATE AND TIME OF LATEST TRANSACTION
- control field: 20230606081622.0
008 - FIXED-LENGTH DATA ELEMENTS
- fixed length control field: 230606|| aca||aabn | a|a d
040 ## - CATALOGING SOURCE
- Original cataloging agency: JO-AjAnu
- Transcribing agency: JO-AjAnu
150 ## - HEADING--TOPICAL TERM
- Topical term or geographic name entry element: الثقافة العربية - مؤتمرات -الفكر العربي - مؤتمرات - الادب العربي - مؤتمرات
670 ## - SOURCE DATA FOUND
- Source citation: Work cat.: (JO-AjAnu)23589: المؤنمر الثاني حول سؤال النهضة في الفكر والأدب والثقافة اربد، الاردن ، جامعة جدارا، إعداد محمد الشنطي، إعداد عبد الرحيم المراشدة , author 46080, سؤال النهضة في الفكر والأدب والثقافة: وقائع المؤتمر الدولي الثاني لكلية الأداب واللغات/ جامعة جدارا